| 000 | 00385nam a22001457a 4500 | ||
|---|---|---|---|
| 020 | _qPB. | ||
| 040 | _cFIZZA ISHAQ | ||
| 082 |
_a515.35 _bWIL |
||
| 100 |
_aBOYCE,E. WILLIAM. _9133787 |
||
| 245 |
_aELEMENTARY DIFFERENTIAL EQUATIONS / _cWILLIAM E. BOYCE. |
||
| 250 | _a8TH ED. | ||
| 260 |
_aNEW YORK ; _bJOHN WILEY & SONS, _c2005. |
||
| 300 |
_a220 P. ; _c10.2X7.8IN |
||
| 942 |
_2ddc _cBK |
||
| 999 |
_c616608 _d616608 |
||